[Event "Aeroflot Open A 2016"]
[Site "Moscow RUS"]
[Date "2016.03.01"]
[Round "1.1"]
[White "Timofeev, Artyom"]
[Black "Gelfand, Boris"]
[Result "1/2-1/2"]
[WhiteElo "2593"]
[BlackElo "2735"]
[PlyCount "99"]
[EventDate "2016.03.01"]

1. d4 d5 2. c4 c6 3. Nf3 Nf6 4. Nc3 e6 5. e3 Nbd7 6. Qc2 Bd6 7. Bd3 O-O 8. O-O
dxc4 9. Bxc4 b5 10. Bd3 Bb7 11. Rd1 b4 12. Na4 c5 13. dxc5 Rc8 14. Qe2 Bb8 15.
Ba6 Bxa6 16. Qxa6 Nxc5 17. Rxd8 Nxa6 18. Rxc8 Rxc8 19. Bd2 Kf8 20. Rc1 Rxc1+
21. Bxc1 Ke7 22. Kf1 e5 23. h3 Ne4 24. Ke2 Ke6 25. Nd2 Nxd2 26. Bxd2 e4 27. b3
Bd6 28. Nb2 Nc7 29. Nc4 Nd5 30. f3 f5 31. fxe4 fxe4 32. Nxd6 Kxd6 33. Be1 h5
34. Bg3+ Ke6 35. Kd2 g5 36. Bb8 a6 37. g3 Kf5 38. Bd6 g4 39. h4 Ke6 40. Bf8 Kd7
41. Bg7 Kc6 42. Be5 Kb5 43. Bg7 a5 44. Be5 a4 45. Bg7 Ne7 46. Be5 Nf5 47. Bb8
Ne7 48. Be5 Nc6 49. Bf6 Na5 50. Kc2 1/2-1/2

[Event "Aeroflot Open A 2016"]
[Site "Moscow RUS"]
[Date "2016.03.01"]
[Round "1.2"]
[White "Bu, Xiangzhi"]
[Black "Socko, Bartosz"]
[Result "1/2-1/2"]
[WhiteElo "2724"]
[BlackElo "2587"]
[PlyCount "81"]
[EventDate "2016.03.01"]

1. Nf3 Nf6 2. c4 g6 3. g3 Bg7 4. Bg2 O-O 5. O-O d6 6. d4 Nc6 7. Nc3 Bg4 8. h3
Bxf3 9. Bxf3 Nd7 10. e3 e5 11. dxe5 Ndxe5 12. Be2 Nd7 13. Bd2 Nc5 14. b3 Qd7
15. Kh2 f5 16. Bf3 Rae8 17. Bg2 Ne4 18. Rc1 h5 19. b4 Kh7 20. a3 h4 21. gxh4
Nxd2 22. Qxd2 f4 23. exf4 Rxf4 24. Nd5 Rxh4 25. Rce1 Nd4 26. f4 c6 27. Rxe8
Qxe8 28. Nc3 Qf7 29. Ne4 Qxc4 30. Qe1 Rh5 31. Nxd6 Qd3 32. Qe7 Nf5 33. Nxf5
Rxf5 34. Qxb7 Qxa3 35. Bxc6 Qe3 36. Qc7 Qc3 37. Qb7 Qd2+ 38. Kg3 Qe3+ 39. Kg2
Rxf4 40. Rxf4 Qxf4 41. Qxa7 1/2-1/2

[Event "Aeroflot Open A 2016"]
[Site "Moscow RUS"]
[Date "2016.03.01"]
[Round "1.4"]
[White "Korobov, Anton"]
[Black "Kunin, Vitaly"]
[Result "1-0"]
[WhiteElo "2713"]
[BlackElo "2584"]
[PlyCount "115"]
[EventDate "2016.03.01"]

1. d4 e6 2. c4 Bb4+ 3. Nd2 Nf6 4. a3 Bxd2+ 5. Bxd2 b6 6. Bg5 Bb7 7. e3 h6 8.
Bh4 d6 9. f3 Nbd7 10. Ne2 Qe7 11. Nc3 e5 12. e4 exd4 13. Qxd4 g5 14. Bf2 O-O-O
15. O-O-O Nc5 16. Kb1 Kb8 17. Qd2 Rhe8 18. Ka2 Nfd7 19. Nd5 Qf8 20. g4 Ne5 21.
Be2 f6 22. h4 Ne6 23. Bg3 c5 24. b4 Nd4 25. bxc5 dxc5 26. Qb2 Qf7 27. Rxd4 cxd4
28. Qxd4 Ka8 29. Kb2 Rc8 30. hxg5 hxg5 31. Rh6 Rc6 32. Qc3 Qg7 33. Rxf6 Rxf6
34. Bxe5 Rxe5 35. Qxe5 Rf7 36. Qxg7 Rxg7 37. Kc3 Kb8 38. Kd4 Kc8 39. e5 Rh7 40.
e6 Rh1 41. Bd3 Rd1 42. f4 gxf4 43. Nxf4 Kd8 44. Ke5 Ke7 45. Ng6+ Ke8 46. Bf5
Rc1 47. Kf6 Rxc4 48. Ne5 Rf4 49. Nf7 Bc6 50. g5 Rxf5+ 51. Kxf5 Ke7 52. g6 Bd5
53. Ng5 b5 54. g7 Bxe6+ 55. Nxe6 Kf7 56. Kg5 a5 57. Kh6 Kg8 58. Nc5 1-0

[Event "Aeroflot Open A 2016"]
[Site "Moscow RUS"]
[Date "2016.03.01"]
[Round "1.5"]
[White "Demchenko, Anton"]
[Black "Nepomniachtchi, Ian"]
[Result "1/2-1/2"]
[WhiteElo "2583"]
[BlackElo "2704"]
[PlyCount "66"]
[EventDate "2016.03.01"]

1. e4 c5 2. Nf3 d6 3. d4 cxd4 4. Nxd4 Nf6 5. Nc3 a6 6. h3 e5 7. Nde2 h5 8. Bg5
Be6 9. Bxf6 Qxf6 10. Nd5 Qd8 11. Qd3 Nd7 12. O-O-O Rc8 13. Nec3 Qg5+ 14. Kb1 h4
15. g3 g6 16. Be2 Nc5 17. Qf3 Bg7 18. Qg2 Nd7 19. a3 Nb8 20. Bg4 hxg3 21. Qxg3
Kf8 22. Qf3 Bxg4 23. hxg4 Rxh1 24. Rxh1 Nc6 25. Qd1 Bh6 26. Nb4 Nd4 27. Nbd5
Ne6 28. f3 Kg7 29. Qg1 Nc5 30. Qf2 Qd2 31. Qh4 Qg5 32. Qf2 Qd2 33. Qh4 Qg5
1/2-1/2

[Event "Aeroflot Open A 2016"]
[Site "Moscow RUS"]
[Date "2016.03.01"]
[Round "1.6"]
[White "Matlakov, Maxim"]
[Black "Wagner, Dennis"]
[Result "1/2-1/2"]
[WhiteElo "2682"]
[BlackElo "2583"]
[PlyCount "51"]
[EventDate "2016.03.01"]

1. Nf3 Nf6 2. c4 c5 3. d4 cxd4 4. Nxd4 e6 5. g3 d5 6. Bg2 e5 7. Nf3 d4 8. O-O
Nc6 9. e3 Be7 10. exd4 exd4 11. Bf4 O-O 12. Ne5 Qb6 13. Re1 Nxe5 14. Bxe5 Rd8
15. Nd2 d3 16. Qf3 Ng4 17. Bc3 Bb4 18. Bxb4 Qxb4 19. Rad1 Nf6 20. Ne4 Nxe4 21.
Qxe4 Be6 22. Qxb7 Qxb7 23. Bxb7 Rab8 24. Bd5 Bxd5 25. cxd5 Rxd5 26. Rd2 1/2-1/2

[Event "Aeroflot Open A 2016"]
[Site "Moscow RUS"]
[Date "2016.03.01"]
[Round "1.7"]
[White "Kulaots, Kaido"]
[Black "Inarkiev, Ernesto"]
[Result "0-1"]
[WhiteElo "2578"]
[BlackElo "2677"]
[PlyCount "136"]
[EventDate "2016.03.01"]

1. e4 e5 2. Nf3 Nc6 3. Bb5 a6 4. Ba4 Nf6 5. O-O Be7 6. Re1 b5 7. Bb3 d6 8. c3
O-O 9. h3 Nb8 10. d4 Nbd7 11. Nbd2 Bb7 12. Bc2 Re8 13. Nf1 Bf8 14. Ng3 g6 15.
Bg5 h6 16. Bd2 Bg7 17. a4 c5 18. d5 c4 19. b4 cxb3 20. Bxb3 Nc5 21. c4 Qd7 22.
Ba5 Reb8 23. Bc2 Bc8 24. cxb5 axb5 25. axb5 Rxb5 26. Bc3 Rbb8 27. Qd2 Ba6 28.
Qe3 Qc7 29. Ba5 Qc8 30. Rec1 Nfd7 31. Nf1 Qf8 32. Ra3 h5 33. Rca1 Bh6 34. Qe1
Qc8 35. N1d2 Rb2 36. Qd1 Be2 37. Qxe2 Rxc2 38. Ne1 Rb2 39. Bc3 Rbb8 40. Rxa8
Rxa8 41. Rxa8 Qxa8 42. f3 f5 43. exf5 gxf5 44. f4 Bxf4 45. Qxh5 Qxd5 46. Qg6+
Kh8 47. Nef3 Be3+ 48. Kh2 Qe6 49. Qxe6 Nxe6 50. Nc4 Bc5 51. g4 f4 52. Nfd2 Nf6
53. Nb3 Ne4 54. Nxc5 N6xc5 55. Bb2 Nd3 56. Ba3 Kg7 57. Nxd6 Nd2 58. h4 e4 59.
Nf5+ Kg6 60. Bd6 e3 61. h5+ Kf7 62. Nxe3 fxe3 63. Kg2 Kf6 64. h6 Kg6 65. g5 e2
66. Bg3 Ne4 67. Bh4 Nxg5 68. Be1 Kxh6 0-1

[Event "Aeroflot Open A 2016"]
[Site "Moscow RUS"]
[Date "2016.03.01"]
[Round "1.8"]
[White "Vallejo Pons, Francisco"]
[Black "Sandipan, Chanda"]
[Result "1-0"]
[WhiteElo "2677"]
[BlackElo "2577"]
[PlyCount "119"]
[EventDate "2016.03.01"]

1. e4 e5 2. Nf3 Nf6 3. Nxe5 d6 4. Nf3 Nxe4 5. d4 d5 6. Bd3 Be7 7. O-O Nc6 8.
Nbd2 Nxd2 9. Bxd2 Bg4 10. c3 O-O 11. h3 Bh5 12. g3 Bg6 13. Bxg6 fxg6 14. Ne1
Qd7 15. Qg4 Qxg4 16. hxg4 Nd8 17. Nd3 Nf7 18. Bf4 Bd6 19. Be5 a5 20. Kg2 b6 21.
Rae1 Rae8 22. f4 Re7 23. a4 Rfe8 24. b4 Ra8 25. b5 Rae8 26. Nb2 Rd8 27. Nd1
Bxe5 28. dxe5 d4 29. Rf3 g5 30. Nf2 gxf4 31. gxf4 dxc3 32. Rxc3 Rd4 33. Re4 Rb4
34. g5 Nd8 35. Rxb4 axb4 36. Rb3 Ne6 37. Rxb4 Rd7 38. Rc4 g6 39. Ng4 Rd2+ 40.
Kf3 Kf7 41. Nf6 Rd3+ 42. Ke4 Rd1 43. Nxh7 Nc5+ 44. Kf3 Rf1+ 45. Ke3 Re1+ 46.
Kf3 Rf1+ 47. Ke3 Re1+ 48. Kf2 Ra1 49. Nf6 Ke6 50. Ne8 Ra2+ 51. Kf3 Ra3+ 52. Kg4
Nd3 53. Nxc7+ Kd7 54. e6+ Ke7 55. f5 Kd6 56. Rd4+ Kxc7 57. e7 Nf2+ 58. Kf4 Nh3+
59. Ke5 Nxg5 60. Kf6 1-0

[Event "Aeroflot Open A 2016"]
[Site "Moscow RUS"]
[Date "2016.03.01"]
[Round "1.9"]
[White "Goganov, Aleksey"]
[Black "Jobava, Baadur"]
[Result "1-0"]
[WhiteElo "2575"]
[BlackElo "2676"]
[PlyCount "65"]
[EventDate "2016.03.01"]

1. d4 Nf6 2. c4 e6 3. Nf3 Bb4+ 4. Nbd2 O-O 5. a3 Be7 6. e4 d6 7. Be2 a5 8. b3
e5 9. dxe5 dxe5 10. Bb2 Nfd7 11. Nxe5 Nxe5 12. Bxe5 Nc6 13. Bc3 Bd6 14. O-O Qh4
15. g3 Qe7 16. Qc1 f5 17. Re1 f4 18. e5 fxg3 19. hxg3 Bxe5 20. Bf3 Qf6 21. Bd5+
Kh8 22. Ne4 Qg6 23. Ng5 Bd6 24. Ne6 Bxe6 25. Rxe6 Qg4 26. Qe3 Rf5 27. Be4 Rxf2
28. Rg6 Qh3 29. Bxg7+ Kg8 30. Bd5+ Rf7 31. Rg5 Be7 32. Bxf7+ Kxf7 33. Rf1+ 1-0

[Event "Aeroflot Open A 2016"]
[Site "Moscow RUS"]
[Date "2016.03.01"]
[Round "1.10"]
[White "Artemiev, Vladislav"]
[Black "Antipov, Mikhail Al"]
[Result "1-0"]
[WhiteElo "2674"]
[BlackElo "2573"]
[PlyCount "105"]
[EventDate "2016.03.01"]

1. Nf3 Nf6 2. c4 e6 3. g3 b6 4. Bg2 Bb7 5. d4 Bb4+ 6. Nbd2 O-O 7. O-O Re8 8. a3
Bf8 9. e4 d6 10. e5 dxe5 11. dxe5 Nfd7 12. Qc2 Nc6 13. Ne4 h6 14. Rd1 Qc8 15.
Bf4 Nc5 16. Nxc5 bxc5 17. Be3 Rb8 18. Qc3 Ba8 19. Ne1 Rd8 20. Rd3 Qb7 21. Rxd8
Rxd8 22. Nd3 Qb6 23. b4 Nd4 24. Bxd4 Bxg2 25. Bxc5 Qc6 26. Bxa7 Qf3 27. Bd4 Bh3
28. Nf4 Qe4 29. Qe3 Qxd4 30. Qxd4 Rxd4 31. Nxh3 Rxc4 32. Nf4 g5 33. Nh5 Be7 34.
h3 Kf8 35. Kf1 Ke8 36. Nf6+ Kd8 37. Ke2 Rc2+ 38. Kf3 Kc8 39. Ng4 h5 40. Ne3 Rb2
41. g4 h4 42. Kg2 f6 43. Re1 fxe5 44. Nc4 Rc2 45. Nxe5 Bd6 46. Nf3 Bg3 47. Rf1
Bf4 48. Nd4 Ra2 49. Nxe6 Rxa3 50. Rd1 Bd6 51. b5 Be7 52. Rd5 Ra5 53. Rf5 1-0

[Event "Aeroflot Open A 2016"]
[Site "Moscow RUS"]
[Date "2016.03.01"]
[Round "1.12"]
[White "Moiseenko, Alexander"]
[Black "Oparin, Grigoriy"]
[Result "1-0"]
[WhiteElo "2668"]
[BlackElo "2572"]
[PlyCount "155"]
[EventDate "2016.03.01"]

1. d4 Nf6 2. c4 e6 3. Nf3 b6 4. g3 Bb7 5. Bg2 Be7 6. Nc3 O-O 7. d5 Bb4 8. O-O
Na6 9. Nd4 Bxc3 10. bxc3 e5 11. Nf5 d6 12. Bg5 Bc8 13. f4 Bxf5 14. fxe5 Bg6 15.
exf6 Re8 16. Qd2 Nc5 17. fxg7 Qd7 18. Rf4 Ne4 19. Bxe4 Rxe4 20. Rxe4 Bxe4 21.
Rf1 Re8 22. Qf4 Bg6 23. Qf3 Re4 24. Bf6 Qe8 25. Rf2 b5 26. Bd4 b4 27. Qf6 bxc3
28. Bxc3 Rxc4 29. e3 Be4 30. Rb2 Bxd5 31. Qe7 Qc8 32. Qf6 Re4 33. Qf5 Bb7 34.
Qxc8+ Bxc8 35. Rb8 Re8 36. Kf2 a6 37. Ra8 f5 38. a4 c5 39. a5 d5 40. Ra7 Rd8
41. Bf6 Rd6 42. Be5 Re6 43. Bc3 d4 44. exd4 cxd4 45. Bxd4 Re4 46. Bf6 h6 47.
Rc7 Re8 48. h4 Kh7 49. Bd4 Be6 50. Rc6 Bc8 51. h5 Rd8 52. Ke3 Re8+ 53. Kd2 Rd8
54. Kc3 Bb7 55. Rb6 Rc8+ 56. Kd2 Rd8 57. Ke3 Re8+ 58. Kf4 Bc8 59. Be5 Re6 60.
Rb8 Re8 61. Ra8 Rd8 62. Rb8 Re8 63. Rb4 Bd7 64. Rd4 Be6 65. Rd6 Bc8 66. Rf6 Rg8
67. Rf8 Be6 68. Ke3 Bd7 69. Kd4 Bb5 70. Kc5 Be2 71. Kb6 Bd3 72. Ka7 Bc4 73.
Rxf5 Re8 74. Bf6 Re6 75. Rc5 Bb5 76. Rc8 Be8 77. Rb8 Kg8 78. Rb6 1-0

[Event "Aeroflot Open A 2016"]
[Site "Moscow RUS"]
[Date "2016.03.01"]
[Round "1.13"]
[White "Kovalev, Vladislav"]
[Black "Sjugirov, Sanan"]
[Result "1/2-1/2"]
[WhiteElo "2560"]
[BlackElo "2667"]
[PlyCount "31"]
[EventDate "2016.03.01"]

1. e4 c6 2. d4 d5 3. Nd2 dxe4 4. Nxe4 Bf5 5. Ng3 Bg6 6. h4 h6 7. Nf3 e6 8. Ne5
Bh7 9. Bd3 Bxd3 10. Qxd3 Nd7 11. Bf4 Nxe5 12. Bxe5 Qa5+ 13. c3 Nf6 14. Ne4 Nxe4
15. Qxe4 Qd5 16. Qxd5 1/2-1/2

[Event "Aeroflot Open A 2016"]
[Site "Moscow RUS"]
[Date "2016.03.01"]
[Round "1.14"]
[White "Swiercz, Dariusz"]
[Black "Maiorov, Nikita1"]
[Result "1-0"]
[WhiteElo "2665"]
[BlackElo "2558"]
[PlyCount "83"]
[EventDate "2016.03.01"]

1. e4 e5 2. Nf3 Nc6 3. Bb5 a6 4. Ba4 Nf6 5. O-O Be7 6. Re1 b5 7. Bb3 d6 8. c3
O-O 9. h3 Nb8 10. d4 Nbd7 11. Nbd2 Bb7 12. Bc2 Re8 13. Nf1 Bf8 14. Ng3 g6 15.
b3 Bg7 16. d5 Bf8 17. Be3 c6 18. c4 Qc7 19. Qd2 Rec8 20. Rac1 Qd8 21. Nh2 bxc4
22. bxc4 a5 23. Ng4 Nxg4 24. hxg4 Nc5 25. g5 Ba6 26. Bd1 cxd5 27. exd5 Bg7 28.
Be2 a4 29. Bxc5 Rxc5 30. Ne4 Rcc8 31. Red1 Bf8 32. c5 dxc5 33. Bxa6 Rxa6 34.
Qd3 Rb6 35. d6 Rb4 36. Qd5 Kh8 37. d7 Rcb8 38. Nf6 Bg7 39. Qxf7 Rf4 40. Qe8+
Bf8 41. Qxe5 Rf5 42. Qxb8 1-0

[Event "Aeroflot Open A 2016"]
[Site "Moscow RUS"]
[Date "2016.03.01"]
[Round "1.15"]
[White "Bindrich, Falko"]
[Black "Fedoseev, Vladimir3"]
[Result "1/2-1/2"]
[WhiteElo "2557"]
[BlackElo "2664"]
[PlyCount "93"]
[EventDate "2016.03.01"]

1. d4 Nf6 2. c4 e6 3. Nc3 Bb4 4. Qc2 O-O 5. Nf3 d6 6. Bd2 c5 7. dxc5 Bxc5 8. g3
Bd7 9. Bg2 Bc6 10. O-O Nbd7 11. Na4 Rc8 12. Nxc5 Nxc5 13. Rfd1 Qe7 14. Rac1 h6
15. b3 b6 16. Qb1 Rfd8 17. Bc3 Be4 18. Qb2 e5 19. Bh3 Rb8 20. Bb4 g5 21. Bf1 a5
22. Ba3 Qe6 23. Ne1 Nh5 24. Rd2 f5 25. Rcd1 f4 26. Qc3 Rbc8 27. Bxc5 Rxc5 28.
Nd3 Bxd3 29. exd3 Rc7 30. b4 axb4 31. Qxb4 Rb8 32. Bg2 Nf6 33. Re1 h5 34. a4
Rc5 35. d4 Rxc4 36. Qb5 Rbc8 37. Rdd1 fxg3 38. hxg3 e4 39. Qxg5+ Kh7 40. Bh3
Qxh3 41. Qxf6 Rc3 42. Qe7+ Kh8 43. Qf6+ Kh7 44. Qxd6 Rg8 45. Qe7+ Kh6 46. Qf6+
Kh7 47. Qe7+ 1/2-1/2

[Event "Aeroflot Open A 2016"]
[Site "Moscow RUS"]
[Date "2016.03.01"]
[Round "1.16"]
[White "Najer, Evgeniy"]
[Black "Van Foreest, Jorden"]
[Result "1-0"]
[WhiteElo "2664"]
[BlackElo "2557"]
[PlyCount "81"]
[EventDate "2016.03.01"]

1. e4 c5 2. Nf3 d6 3. d4 cxd4 4. Nxd4 Nf6 5. Nc3 Bd7 6. Bg5 e6 7. Ndb5 Bxb5 8.
Bxb5+ Nc6 9. Qf3 Be7 10. e5 Nd5 11. Bxc6+ bxc6 12. Bxe7 Nxe7 13. exd6 Qxd6 14.
O-O O-O 15. Rfd1 Qe5 16. Qg3 Qa5 17. Ne4 Rfd8 18. Nf6+ Kh8 19. Nd7 Qf5 20. Rd3
Ng6 21. Qc7 h6 22. g3 Rac8 23. Qxa7 e5 24. Rad1 e4 25. Rd6 Ra8 26. Qc5 Qg4 27.
Ne5 Rxd6 28. Nxg4 Rxd1+ 29. Kg2 Rxa2 30. Qxc6 Kh7 31. Qc4 Ra7 32. Qxe4 Re7 33.
Qf5 Rb1 34. b3 Kg8 35. Ne3 Re8 36. Qd7 Re5 37. Qd4 Re1 38. Qc3 Rb1 39. h4 Re8
40. Nf5 Re5 41. h5 1-0

[Event "Aeroflot Open A 2016"]
[Site "Moscow RUS"]
[Date "2016.03.01"]
[Round "1.17"]
[White "Alekseenko, Kirill"]
[Black "Safarli, Eltaj"]
[Result "1/2-1/2"]
[WhiteElo "2554"]
[BlackElo "2663"]
[PlyCount "97"]
[EventDate "2016.03.01"]

1. d4 Nf6 2. c4 g6 3. Nc3 d5 4. Bg5 Ne4 5. Bh4 Nxc3 6. bxc3 dxc4 7. e3 Be6 8.
Be2 Bg7 9. Nh3 Bxh3 10. gxh3 Nd7 11. Bxc4 O-O 12. O-O Nb6 13. Bb3 Qd7 14. Qg4
e6 15. Qf3 c6 16. Rfe1 Nc8 17. e4 Nd6 18. Bg3 Kh8 19. Qd3 Rad8 20. Rad1 Qe7 21.
a4 Rd7 22. Qe3 Rfd8 23. h4 h5 24. Qg5 Nc8 25. Kg2 Qxg5 26. hxg5 c5 27. a5 cxd4
28. Ba4 Re7 29. cxd4 a6 30. d5 exd5 31. exd5 Rxe1 32. Rxe1 Nd6 33. Bb3 Bc3 34.
Re7 Kg7 35. Bxd6 Rxd6 36. Rxb7 Bxa5 37. Bc4 Rb6 38. Ra7 Rb4 39. Bxa6 Rg4+ 40.
Kf1 Bb4 41. Bc8 Rf4 42. Rc7 Bd6 43. Rc6 Be7 44. Rc3 Rd4 45. Ba6 Rxd5 46. h4 Rd4
47. Rc4 Rd2 48. Re4 Bc5 49. Be2 1/2-1/2

[Event "Aeroflot Open A 2016"]
[Site "Moscow RUS"]
[Date "2016.03.01"]
[Round "1.18"]
[White "Zvjaginsev, Vadim"]
[Black "Sivuk, Vitaly"]
[Result "1-0"]
[WhiteElo "2662"]
[BlackElo "2554"]
[PlyCount "119"]
[EventDate "2016.03.01"]

1. e4 e5 2. Nc3 Nf6 3. g3 d5 4. exd5 Nxd5 5. Bg2 Nxc3 6. bxc3 Bd6 7. Nf3 O-O 8.
O-O Nc6 9. Rb1 Rb8 10. d4 h6 11. Re1 exd4 12. cxd4 Re8 13. Rxe8+ Qxe8 14. Be3
b6 15. Nh4 Na5 16. Qh5 Be6 17. Re1 Qc8 18. h3 Bb4 19. c3 Bf8 20. g4 Nc4 21. g5
hxg5 22. Bxg5 Nd6 23. Bf4 Bxh3 24. Bf3 c6 25. Re3 Qd7 26. Bxc6 Qg4+ 27. Qxg4
Bxg4 28. f3 Bh3 29. Kh2 Rc8 30. Bd5 Bf1 31. Ng6 Re8 32. Rxe8 Nxe8 33. Ne5 Nd6
34. c4 g5 35. Bxg5 Bg7 36. Kg1 Bh3 37. Be7 Bxe5 38. dxe5 Nf5 39. Bd6 Ne3 40.
Kf2 Nd1+ 41. Ke2 Nc3+ 42. Kd3 Nxd5 43. cxd5 Bg2 44. Ke4 Kg7 45. a3 a6 46. Be7
Bh3 47. Bd8 b5 48. Be7 a5 49. Kd4 Kg6 50. Kc5 Bd7 51. Kd6 Bh3 52. Kc7 Kf5 53.
e6 Kg6 54. d6 Bxe6 55. d7 Bxd7 56. Kxd7 Kf5 57. Kc6 Kf4 58. Kxb5 Kxf3 59. Kxa5
Ke4 60. Kb6 1-0

[Event "Aeroflot Open A 2016"]
[Site "Moscow RUS"]
[Date "2016.03.01"]
[Round "1.19"]
[White "Pichot, Alan"]
[Black "Motylev, Alexander"]
[Result "1/2-1/2"]
[WhiteElo "2542"]
[BlackElo "2655"]
[PlyCount "43"]
[EventDate "2016.03.01"]

1. e4 c5 2. Nf3 Nc6 3. d4 cxd4 4. Nxd4 Qb6 5. Nb3 Nf6 6. Nc3 e6 7. Qe2 Bb4 8.
Bd2 O-O 9. O-O-O d5 10. exd5 exd5 11. Be3 Qc7 12. Nb5 Qb8 13. a3 a6 14. N5d4
Bd6 15. g3 Re8 16. Bg2 Ne5 17. Qf1 Nc4 18. Bg5 Ne4 19. Re1 h6 20. Bxe4 dxe4 21.
Qxc4 hxg5 22. Re3 1/2-1/2

[Event "Aeroflot Open A 2016"]
[Site "Moscow RUS"]
[Date "2016.03.01"]
[Round "1.20"]
[White "Rakhmanov, Aleksandr"]
[Black "Kotronias, Vasilios"]
[Result "1-0"]
[WhiteElo "2650"]
[BlackElo "2541"]
[PlyCount "73"]
[EventDate "2016.03.01"]

1. c4 e5 2. Nf3 e4 3. Nd4 Nc6 4. Nxc6 dxc6 5. Nc3 Nf6 6. e3 Bf5 7. Qb3 Qc8 8.
h3 h5 9. Qc2 Qd7 10. b3 O-O-O 11. a3 h4 12. b4 Rh6 13. c5 g5 14. Rb1 Nd5 15.
Ne2 Bg7 16. Bb2 Nf4 17. Nxf4 Bxb2 18. Ne2 Be5 19. Nc3 g4 20. hxg4 Bxg4 21. Nxe4
f5 22. Ng5 f4 23. Be2 Rf8 24. Qd3 Qxd3 25. Bxd3 fxe3 26. dxe3 Bc3+ 27. Kf1 Rd8
28. Nf7 Rxd3 29. Nxh6 Be6 30. Rxh4 Ba2 31. Rc1 Bf6 32. Rf4 Bg7 33. Nf5 Be5 34.
Re4 Bf6 35. a4 a5 36. bxa5 Bd5 37. Ne7+ 1-0

[Event "Aeroflot Open A 2016"]
[Site "Moscow RUS"]
[Date "2016.03.01"]
[Round "1.21"]
[White "Shyam, Sundar M"]
[Black "Anton Guijarro, David"]
[Result "1-0"]
[WhiteElo "2523"]
[BlackElo "2641"]
[PlyCount "93"]
[EventDate "2016.03.01"]

1. c4 b6 2. Nc3 Bb7 3. e4 e6 4. Nge2 Nf6 5. e5 Ng4 6. d4 Qh4 7. Ng3 Be7 8. h3
Nh6 9. Nge4 Bxe4 10. g3 Bc2 11. Qd2 Qh5 12. Qxc2 Qf3 13. Rg1 Nc6 14. Bg2 Qf5
15. Qd1 Bb4 16. g4 Qg6 17. f4 O-O 18. Ke2 Bxc3 19. bxc3 Kh8 20. Be3 Rae8 21.
Qd3 f5 22. g5 Ng8 23. h4 Rd8 24. d5 Na5 25. Bf3 Ne7 26. h5 Qe8 27. Rad1 Kg8 28.
h6 g6 29. Rd2 d6 30. exd6 Rxd6 31. c5 Rd8 32. c4 e5 33. fxe5 f4 34. Bf2 Nf5 35.
e6 Nb7 36. c6 Nc5 37. Qc3 Qe7 38. Qe5 Na4 39. Rg4 b5 40. Rxf4 bxc4 41. Rxc4 Nb6
42. Rf4 Nc8 43. Bg4 Ncd6 44. Bxf5 Nxf5 45. Bd4 Nxd4+ 46. Rdxd4 Rb8 47. Rxf8+
1-0

[Event "Aeroflot Open A 2016"]
[Site "Moscow RUS"]
[Date "2016.03.01"]
[Round "1.22"]
[White "Grachev, Boris"]
[Black "Xu, Yinglun"]
[Result "1-0"]
[WhiteElo "2639"]
[BlackElo "2518"]
[PlyCount "133"]
[EventDate "2016.03.01"]

1. c4 e6 2. g3 Nf6 3. Bg2 d5 4. Nf3 Nbd7 5. b3 Be7 6. O-O c6 7. d4 b6 8. Qc2
O-O 9. Rd1 h6 10. Bb2 Bb7 11. Nc3 Qc7 12. e4 dxe4 13. Nxe4 c5 14. Nc3 cxd4 15.
Nb5 Qb8 16. Qe2 a6 17. Nbxd4 Re8 18. Ne1 Bf8 19. Nc6 Qc7 20. Ne5 Red8 21. Bxb7
Qxb7 22. Qf3 Qxf3 23. N1xf3 Bc5 24. Nxd7 Nxd7 25. Kf1 Rac8 26. Rd3 Nb8 27. Rad1
Rxd3 28. Rxd3 f6 29. Nd2 Be7 30. Ke2 Kf8 31. Ne4 Rd8 32. Bd4 Nd7 33. Be3 f5 34.
Nc3 Ne5 35. Rxd8+ Bxd8 36. h3 h5 37. a4 Ke7 38. c5 Nd7 39. Bg5+ Ke8 40. Bxd8
Kxd8 41. cxb6 Nxb6 42. Ke3 Ke7 43. Kd4 Kd6 44. f4 Nd7 45. b4 Nb6 46. h4 g6 47.
Kd3 Kc6 48. Ke3 Kd7 49. Kd4 Kd6 50. Kd3 Kc6 51. Kc2 Kd7 52. Kb3 Kd6 53. Kc2 Kd7
54. Kb2 Kc6 55. Ka3 Kd7 56. a5 Nd5 57. Ne2 Kd6 58. Kb3 Kc6 59. Nd4+ Kd6 60. Ne2
Kc6 61. Kc4 Ne3+ 62. Kd3 Nd5 63. Kc4 Ne3+ 64. Kd4 Nd5 65. Ke5 Kd7 66. Nd4 Nxb4
67. Kf6 1-0

[Event "Aeroflot Open A 2016"]
[Site "Moscow RUS"]
[Date "2016.03.01"]
[Round "1.23"]
[White "Goryachkina, Aleksandra"]
[Black "Sasikiran, Krishnan"]
[Result "1/2-1/2"]
[WhiteElo "2509"]
[BlackElo "2637"]
[PlyCount "76"]
[EventDate "2016.03.01"]

1. e4 c5 2. Nf3 e6 3. c3 d5 4. exd5 Qxd5 5. d4 Nf6 6. Na3 a6 7. Nc4 Nbd7 8. Be2
cxd4 9. Qxd4 b5 10. Na5 Bc5 11. Qxd5 Nxd5 12. O-O Bb6 13. Nb3 Bb7 14. a4 b4 15.
cxb4 Nxb4 16. a5 Bc7 17. Bd2 Bd6 18. Rfc1 Nd5 19. Nbd4 N7f6 20. Rc4 O-O 21. Nc6
Ne4 22. Be1 Nc5 23. b4 Bxc6 24. bxc5 Be7 25. Nd4 Rfc8 26. Nxc6 Rxc6 27. Rac1
Rac8 28. Kf1 h6 29. h4 g5 30. Bd2 gxh4 31. Bxh6 Rxc5 32. Rxc5 Rxc5 33. Rxc5
Bxc5 34. Bxa6 Bb4 35. Bg5 Bxa5 36. Bxh4 Bb4 37. Bg5 Be7 38. Bd2 Bb4 1/2-1/2

[Event "Aeroflot Open A 2016"]
[Site "Moscow RUS"]
[Date "2016.03.01"]
[Round "1.24"]
[White "Hovhannisyan, Robert"]
[Black "Predke, Alexandr"]
[Result "1-0"]
[WhiteElo "2636"]
[BlackElo "2508"]
[PlyCount "81"]
[EventDate "2016.03.01"]

1. e4 e5 2. Nf3 Nc6 3. Bb5 a6 4. Ba4 Nf6 5. O-O Be7 6. d3 d6 7. c3 O-O 8. Nbd2
Nd7 9. Re1 Nb6 10. Bb3 a5 11. a4 Kh8 12. d4 exd4 13. Nxd4 Nxd4 14. cxd4 f5 15.
e5 dxe5 16. dxe5 Bb4 17. e6 Rf6 18. Re3 f4 19. Re5 f3 20. Nxf3 Qxd1+ 21. Bxd1
Rxe6 22. Bb3 Rxe5 23. Nxe5 c6 24. Bd2 h6 25. Rd1 Bf5 26. Bxb4 axb4 27. a5 Nd5
28. Bxd5 cxd5 29. Rxd5 Be6 30. Rb5 b6 31. Rxb6 Rxa5 32. f4 Bd5 33. Rxb4 Rc5 34.
f5 Kh7 35. Nd3 Rc2 36. Nf4 Bc6 37. Rb8 Be4 38. g4 g5 39. fxg6+ Kg7 40. Rb6 Rc1+
41. Kf2 1-0

[Event "Aeroflot Open A 2016"]
[Site "Moscow RUS"]
[Date "2016.03.01"]
[Round "1.25"]
[White "Aravindh, Chithambaram VR"]
[Black "Dubov, Daniil"]
[Result "0-1"]
[WhiteElo "2506"]
[BlackElo "2634"]
[PlyCount "70"]
[EventDate "2016.03.01"]

1. Nf3 Nf6 2. g3 b6 3. Bg2 Bb7 4. O-O c5 5. c4 g6 6. b3 Bg7 7. Bb2 O-O 8. Nc3
d6 9. d4 cxd4 10. Qxd4 Nbd7 11. Nd5 b5 12. Ne3 bxc4 13. Qxc4 a5 14. Rfc1 a4 15.
Qc7 Qb8 16. bxa4 Nc5 17. Qxb8 Rfxb8 18. Bxf6 Bxf6 19. Rab1 Kg7 20. g4 Bxf3 21.
Bxf3 Rxb1 22. Rxb1 Rxa4 23. Nd5 Rxa2 24. Kg2 Rd2 25. Nc7 Bb2 26. Nd5 Bf6 27.
Nc7 Bh4 28. Ne8+ Kh6 29. Nc7 e5 30. Rb4 e4 31. Bxe4 Rxe2 32. Bd5 Nd3 33. Rd4
Ne5 34. Nb5 Bxf2 35. Ra4 Rd2 0-1

[Event "Aeroflot Open A 2016"]
[Site "Moscow RUS"]
[Date "2016.03.01"]
[Round "1.26"]
[White "Kobalia, Mikhail"]
[Black "Pourramezanali, Amirreza"]
[Result "1/2-1/2"]
[WhiteElo "2632"]
[BlackElo "2506"]
[PlyCount "76"]
[EventDate "2016.03.01"]

1. d4 d5 2. c4 c6 3. Nf3 Nf6 4. g3 g6 5. Qa4 Nfd7 6. cxd5 Nb6 7. Qd1 cxd5 8.
Bf4 Bg7 9. Nc3 O-O 10. Bg2 Nc6 11. O-O Be6 12. b3 f6 13. a4 Bf7 14. Bh3 h6 15.
a5 Nd7 16. Bc1 e5 17. dxe5 Ndxe5 18. Nxe5 fxe5 19. a6 e4 20. Bb2 b6 21. Rb1 Nb4
22. Nb5 Nxa6 23. b4 Nc7 24. Bxg7 Kxg7 25. Qd4+ Kg8 26. Nxc7 Qxc7 27. Rfc1 Qd6
28. Rb2 Rae8 29. e3 Be6 30. Bg2 Rc8 31. Rxc8 Rxc8 32. h4 Bf7 33. Ra2 Qe7 34.
Bf1 Rc7 35. Be2 g5 36. hxg5 hxg5 37. Ra1 Qe6 38. Kg2 Be8 1/2-1/2

[Event "Aeroflot Open A 2016"]
[Site "Moscow RUS"]
[Date "2016.03.01"]
[Round "1.27"]
[White "Gasanov, Eldar"]
[Black "Bartel, Mateusz"]
[Result "1/2-1/2"]
[WhiteElo "2503"]
[BlackElo "2625"]
[PlyCount "57"]
[EventDate "2016.03.01"]

1. d4 d5 2. c4 c6 3. e3 Bf5 4. cxd5 cxd5 5. Qb3 Qc7 6. Bb5+ Bd7 7. Nc3 e6 8.
Nf3 Nc6 9. O-O Nf6 10. Bd2 Be7 11. Rfc1 O-O 12. Ne5 Rfc8 13. Nxd7 Qxd7 14. Na4
Ne4 15. Be1 Qd8 16. Bd3 Nd6 17. Nc5 b6 18. Na6 Qd7 19. Rc2 Nd8 20. Rac1 Rxc2
21. Rxc2 Rc8 22. Rxc8 Qxc8 23. Qc2 Qxc2 24. Bxc2 f5 25. Nb4 a5 26. Nd3 Nc6 27.
Kf1 Kf7 28. Ke2 b5 29. a4 1/2-1/2